000 00418cam a2200145ua 4500
041 _aeng
_h
082 _a828.09
_bCLI/EI
100 _aClifford, James L .
245 _aEighteenth century English literature: Modern essays in criticism /
_cJames L Clifford.
_hTextual Documents
260 _aNew York :
_bOxford University Press ,
_c1959.
300 _a351 ; .
504 _a
942 _cBK
999 _c11860
_d11860